Statistiques concernant Top 15 des pays avec les décès de Covid-19 - 20 avril 2022

Cliquez ici pour prendre le quiz!

Statistiques générales

  • Ce quiz a été pris 27 fois
  • Le résultat moyen est 14 sur 27

Statistiques - réponses

pays% Correct
France
100%
États-Unis
96%
Allemagne
92%
Italie
92%
Brésil
88%
Mexique
84%
Russie
84%
Argentine
76%
Royaume-Uni
76%
Inde
72%
Pérou
52%
Colombie
48%
Pologne
48%
Hongrie
44%
Indonésie
44%
Croatie
40%
Slovaquie
36%
Slovénie
32%
Iran
28%
Roumanie
28%
Bulgarie
24%
Tchèquie
24%
Bosnie-Herzégovine
20%
Lettonie
12%
Lituanie
12%
Géorgie
8%
Macédoine du Nord
8%

Distribution des résultats

Percentile par nombre de réponses

% des personnes avec chaque résultat

Votre développement - résultats

Vous n’avez pas pris ce quiz